Seminario IV: Instituciones Sanitarias en un Pais Federal, las Obras Sociales Provinciales en contexto (Registro nro. 1805)
[ vista simple ]
| 000 -LEADER | |
|---|---|
| fixed length control field | 00813nam a2200241 a 4500 |
| 003 - CONTROL NUMBER IDENTIFIER | |
| control field | OSt |
| 005 - FECHA ULTIMA MODIFICACION | |
| control field | 20131016180506.0 |
| 008 - FIXED-LENGTH DATA ELEMENTS--GENERAL INFORMATION | |
| fixed length control field | 131016s2003 ag ||||| |||| 00| 0 spa d |
| 040 ## - CATALOGING SOURCE | |
| Transcribing agency | Biblioteca Medicina |
| 041 ## - LANGUAGE CODE | |
| Language code of text/sound track or separate title | spa |
| 082 ## - DEWEY DECIMAL CLASSIFICATION NUMBER | |
| Item number | CONGRESOS 054 |
| 100 1# - MAIN ENTRY--PERSONAL NAME | |
| Personal name | Maceira, Daniel |
| 9 (RLIN) | 2710 |
| 245 00 - TITLE STATEMENT | |
| Title | Seminario IV: Instituciones Sanitarias en un Pais Federal, las Obras Sociales Provinciales en contexto |
| 250 ## - EDITION STATEMENT | |
| Edition statement | 1º ed |
| 260 ## - PUBLICATION, DISTRIBUTION, ETC. (IMPRINT) | |
| Place of publication, distribution, etc | Buenos Aires |
| Name of publisher, distributor, etc | Centro de Estudios de Estado y Sociedad |
| Date of publication, distribution, etc | 2003 |
| 300 ## - PHYSICAL DESCRIPTION | |
| Extent | 37 p. |
| 440 #0 - SERIES STATEMENT/ADDED ENTRY--TITLE | |
| Title | Seminarios Salud y Politica Publica |
| 9 (RLIN) | 2706 |
| 653 ## - INDEX TERM--UNCONTROLLED | |
| Uncontrolled term | SALUD-INSTITUCIONES |
| 653 ## - INDEX TERM--UNCONTROLLED | |
| Uncontrolled term | OBRAS SOCIALES-ESTUDIO |
| 856 ## - ELECTRONIC LOCATION AND ACCESS | |
| Host name | www.cedes.org |
| 942 ## - ADDED ENTRY ELEMENTS (KOHA) | |
| Source of classification or shelving scheme | Dewey Decimal Classification |
| Koha item type | Hemeroteca |
| Withdrawn status | Lost status | Fuente de clasificación | Damaged status | Not for loan | Colección | Ubicación permanente | Ubicación actual | Sala de ubicación | Fecha de adquisición | Total Checkouts | Número de clasificación | Date last seen | Número de ejemplar | Price effective from | Koha tipo de elemento (item) |
|---|---|---|---|---|---|---|---|---|---|---|---|---|---|---|---|
| Dewey Decimal Classification | Non-fiction | Biblioteca Medicina | Biblioteca Medicina | Circulación | 16/10/2013 | CONGRESOS 054 | 06/11/2014 | Ej. 1 | 16/10/2013 | Hemeroteca |